000 00583nam a2200181 i 4500
001 79442
003 ES-MaACL
007 t|
008 041021s1984 xxk ||||1| eng d
020 _a0-7108-0296-X
100 1 _aHenwood, Felicity.
_962616
245 1 0 _aScience, technology and innovation
_b: a research bibliography /
_ccompiled by Felicity Henwood with Graham Thomas.
260 _aBrighton :
_bWheatsheaf books,
_c1984.
300 _aXI, 250 p. ;
_c24 cm.
700 1 _aGraham, Thomas.
_959526
700 1 _aHenwood, Felicity.
_962616
852 _aES-MaACL
_jL-8122
_bR.108770
999 _c79442
_d79442